Brainfluence 100 ways to persuade and convince customers with neuromarketing /

"Neuromarketing studies the way the brain responds to various cognitive and sensory marketing stimuli. Analysts use this to measure a consumer's preference, what a customer reacts to, and why consumers make certain decisions. This scientific approach to marketing has helped many brands and...

Full description

Bibliographic Details
Main Author: Dooley, Roger, 1952-
Corporate Author: ProQuest (Firm)
Format: Electronic eBook
Language:English
Published: Hoboken, N.J. : Wiley, c2012.
Subjects:
Online Access:Click to View
LEADER 03228nam a2200409 a 4500
001 EBC817468
003 MiAaPQ
005 20200520144314.0
006 m o d |
007 cr cn|||||||||
008 110715s2012 nju sb 001 0 eng d
010 |z  2011029938 
020 |z 9781118113363 (hardback : acid-free paper) 
020 |a 9781118175965 (electronic bk.) 
035 |a (MiAaPQ)EBC817468 
035 |a (Au-PeEL)EBL817468 
035 |a (CaPaEBR)ebr10506279 
035 |a (CaONFJC)MIL331608 
035 |a (OCoLC)765131253 
040 |a MiAaPQ  |c MiAaPQ  |d MiAaPQ 
050 4 |a HF5415.12615  |b .D66 2012 
082 0 4 |a 658.8001/9  |2 23 
100 1 |a Dooley, Roger,  |d 1952- 
245 1 0 |a Brainfluence  |h [electronic resource] :  |b 100 ways to persuade and convince customers with neuromarketing /  |c Roger Dooley. 
260 |a Hoboken, N.J. :  |b Wiley,  |c c2012. 
300 |a xviii, 286 p. 
504 |a Includes bibliographical references and index. 
505 0 |a section 1. Price and product brainfluence -- section 2. Sensory brainfluence -- section 3. Brainfluence branding -- section 4. Brainfluence in print -- section 5. Picture brainfluence -- section 6. Loyalty and trust brainfluence -- section 7. Brainfluence in person -- section 8. Brainfluence for a cause -- section 9. Brainfluence copywriting -- section 10. Consumer brainfluence -- section 11. Gender brainfluence -- section 12. Shopper brainfluence -- section 13. Video, TV, and film brainfluence -- section 14. Brainfluence on the Web. 
520 |a "Neuromarketing studies the way the brain responds to various cognitive and sensory marketing stimuli. Analysts use this to measure a consumer's preference, what a customer reacts to, and why consumers make certain decisions. This scientific approach to marketing has helped many brands and companies determine how to best market their products to different demographics and consumer groups. Brainfluence explains how to practically apply neuroscience and behavior research to everyday marketing problems. This book is designed to be a practical guide with quick and easy takeaways offered in 60 short chapters, each containing one key strategy. The chapters are organized into major groups, mainly by application: in-person sales, Web marketing, print advertising, and many others. The book explains several key concepts, including: New insights into what makes people buy, Ways for brands to form emotional bonds with customers, Short, easy to digest ideas that can be accessed in any order, Techniques for all types of businesses, including small businesses and non-profits This book contains practical, easy-to-understand ways to improve marketing, advertising, and sales efforts"--  |c Provided by publisher. 
533 |a Electronic reproduction. Ann Arbor, MI : ProQuest, 2015. Available via World Wide Web. Access may be limited to ProQuest affiliated libraries. 
650 0 |a Neuromarketing. 
650 0 |a Marketing  |x Psychological aspects. 
650 0 |a Advertising  |x Psychological aspects. 
650 0 |a Consumers  |x Psychology. 
655 4 |a Electronic books. 
710 2 |a ProQuest (Firm) 
856 4 0 |u https://ebookcentral.proquest.com/lib/matrademy/detail.action?docID=817468  |z Click to View